000 01906cam0 2200421 ib4500
001 BY-HR0002-br20241230787
005 20251126143516.0
010 ^a978-5-04-088988-4
^bв переплете
^d12р.90к.
100 ^a20240228d2023 d y0rusy50 ca
101 1 ^arus
^cger
102 ^aRU
105 ^aa z 000ay
109 ^ama
200 1 ^aАгент на мягких лапах
^eповесть
^fФрауке Шойнеманн
^gперевод с немецкого И. Гиляровой
210 ^aМосква
^cЭксмо
^c#эксмодетство
^d2023
215 ^a315, [1] c.
^cил.
^d22 см
225 1 ^aПриключения кота-детектива
333 ^a12+
345 ^920 000 экз. (дополнительный тираж)
606 0 ^aПОВЕСТИ
^3BY-NLB-ar2735501
^2DVNLB
606 0 ^aНЕМЕЦКАЯ ЛИТЕРАТУРА
^3BY-NLB-ar20312
^2DVNLB
606 0 ^aХУДОЖЕСТВЕННАЯ ЛИТЕРАТУРА
^3BY-NLB-ar37179
^2DVNLB
606 0 ^aДЕТСКАЯ И ЮНОШЕСКАЯ ЛИТЕРАТУРА
^3BY-NLB-ar2691728
^2DVNLB
606 0 ^aДЕТЕКТИВНАЯ ЛИТЕРАТУРА
^3BY-NLB-ar2650338
^2DVNLB
608 ^aДЕТЕКТИВ (лит. произведение)
^3BY-NLB-ar88485
^2BYGNR
608 ^aДЕТСКАЯ И ЮНОШЕСКАЯ ЛИТЕРАТУРА (художеств. произведение)
^3BY-NLB-ar9019
^2BYGNR
608 ^aПОВЕСТЬ
^3BY-NLB-ar23936
^2BYGNR
686 ^a84(4Гем)-4
^2rubbk
690 ^a1
^2Base
^9BY-MI0006
^xRSEK
700 1 ^aШойнеманн
^bФ.
^gФрауке
702 1 ^aГилярова
^bИ.
^3BY-SEK-886899
^4730
801 0 ^aBY
^bBY-HR0002
^c20240228
^gRCR
801 2 ^aBY
^bBY-MI0006
^c20251126
^gRCR
035 ^a(BY-MI0006)BY-HR0002-br20241230787
899 0 ^aBY-MI0006
^iШ78
^h84(4Гем)